[Event "Buenos Aires ITT-1 Siglo XXI"]
[Site "Buenos Aires"]
[Date "1998.??.??"]
[Round "7"]
[White "Dolezal, Cristian"]
[Black "Karpiak, Yuriy"]
[Result "1-0"]
[WhiteElo "2325"]
[BlackElo "2085"]
[PlyCount "53"]
[EventDate "1998.08.??"]
[EventType "tourn"]
[EventRounds "14"]
[EventCountry "ARG"]
[SourceTitle "EXT 2002"]
[Source "ChessBase"]
[SourceDate "2001.11.25"]
[SourceVersion "1"]
[SourceVersionDate "2001.11.25"]
[SourceQuality "1"]

1. e4 d6 2. d4 Nf6 3. Nc3 g6 4. Bg5 Bg7 5. Qd2 c6 6. f4 0-0 7. Nf3 Bg4 8. Be2 Re8 9. h3 Bxf3 10. Bxf3 Qa5 11. e5 Nfd7 12. 0-0 f6 13. Bh4 fxe5 14. dxe5 dxe5 15. f5 Qc5+ 16. Kh1 Qd4 17. Qe1 Nf6 18. fxg6 hxg6 19. Rd1 Qc5 20. Qg3 Nbd7 21. Qxg6 Nf8 22. Qf5 e6 23. Qg5 Nd5 24. Ne4 Qxc2 25. Rxd5 exd5 26. Nf6+ Kf7 27. Bh5+ 1-0

[Event "Villa del Parque ITT"]
[Site "Villa del Parque"]
[Date "1998.??.??"]
[Round "5"]
[White "Dolezal, Cristian"]
[Black "Karpiak, Yuriy"]
[Result "1-0"]
[WhiteElo "2300"]
[BlackElo "2145"]
[PlyCount "69"]
[EventDate "1998.??.??"]
[EventType "tourn"]
[EventRounds "14"]
[EventCountry "ARG"]
[EventCategory "2"]
[SourceTitle "EXT 2001"]
[Source "ChessBase"]
[SourceDate "2000.11.22"]
[SourceVersion "1"]
[SourceVersionDate "2000.11.22"]
[SourceQuality "1"]

1. e4 d6 2. d4 Nf6 3. Nc3 g6 4. Bg5 Bg7 5. Qd2 c6 6. Bh6 0-0 7. 0-0-0 b5 8. f3 b4 9. Nce2 Qa5 10. Kb1 Be6 11. Nc1 Nbd7 12. Bxg7 Kxg7 13. Nge2 Nb6 14. Nf4 Bc4 15. a3 c5 16. dxc5 dxc5 17. e5 Nfd5 18. Bxc4 Nc3+ 19. bxc3 Nxc4 20. Qd3 Nxa3+ 21. Kb2 c4 22. Nb3 cxb3 23. cxb4 Qxb4 24. cxb3 Qxf4 25. Kxa3 Rfd8 26. Qe4 Qg5 27. g3 e6 28. Rd6 Qe7 29. Rhd1 Qc7 30. Qd4 Rdc8 31. Rd7 Qa5+ 32. Kb2 Rc6 33. Rxf7+ Kg8 34. Rd7 Rcc8 35. f4 1-0

[Event "Villa del Parque ITT"]
[Site "Villa del Parque"]
[Date "1998.??.??"]
[Round "8"]
[White "Karpiak, Yuriy"]
[Black "Filgueira, Hernan"]
[Result "0-1"]
[WhiteElo "2145"]
[BlackElo "2420"]
[PlyCount "64"]
[EventDate "1998.??.??"]
[EventType "tourn"]
[EventRounds "14"]
[EventCountry "ARG"]
[EventCategory "2"]
[SourceTitle "EXT 2001"]
[Source "ChessBase"]
[SourceDate "2000.11.22"]
[SourceVersion "1"]
[SourceVersionDate "2000.11.22"]
[SourceQuality "1"]

1. e4 c5 2. Nf3 e6 3. d4 cxd4 4. Nxd4 Nc6 5. g3 a6 6. Bg2 Qc7 7. 0-0 Nf6 8. c4 d6 9. Nc3 Bd7 10. h3 Rc8 11. Nxc6 Bxc6 12. Bg5 Be7 13. Rc1 Qb8 14. a4 0-0 15. Qb3 h6 16. Bf4 Nd7 17. Rfd1 Rfd8 18. Qa2 Ne5 19. a5 Bg5 20. Bxg5 hxg5 21. Na4 Bxa4 22. Qxa4 Rc5 23. b3 Qc7 24. Ra1 Nc6 25. Qa3 Rxa5 26. Qb2 Rxa1 27. Qxa1 Qb6 28. Qa3 Qc5 29. Qb2 a5 30. Qc3 b5 31. Rc1 b4 32. Qd2 Nd4 0-1

[Event "Villa del Parque ITT"]
[Site "Villa del Parque"]
[Date "1998.??.??"]
[Round "11"]
[White "Quiroga, Facundo"]
[Black "Karpiak, Yuriy"]
[Result "1-0"]
[WhiteElo "2380"]
[BlackElo "2145"]
[PlyCount "61"]
[EventDate "1998.??.??"]
[EventType "tourn"]
[EventRounds "14"]
[EventCountry "ARG"]
[EventCategory "2"]
[SourceTitle "EXT 2001"]
[Source "ChessBase"]
[SourceDate "2000.11.22"]
[SourceVersion "1"]
[SourceVersionDate "2000.11.22"]
[SourceQuality "1"]

1. e4 c5 2. Nf3 d6 3. d4 cxd4 4. Qxd4 a6 5. c4 Nc6 6. Qd2 Nf6 7. Nc3 g6 8. b3 Bg7 9. Bb2 0-0 10. Be2 Bd7 11. 0-0 Ng4 12. Rad1 Qa5 13. a3 Bh6 14. Qc2 Rac8 15. b4 Qd8 16. h3 Nge5 17. Ne1 b5 18. cxb5 axb5 19. f4 Nc4 20. Bxc4 bxc4 21. Nd5 Na7 22. a4 Bc6 23. Qc3 f6 24. b5 Bxd5 25. exd5 Qb6+ 26. Kh1 Rc7 27. Bc1 Bg7 28. Be3 Nxb5 29. axb5 Qxb5 30. f5 Rfc8 31. Nc2 1-0

[Event "Buenos Aires ITT-1 Siglo XXI"]
[Site "Buenos Aires"]
[Date "1998.??.??"]
[Round "3"]
[White "Riverol, Jose"]
[Black "Karpiak, Yuriy"]
[Result "0-1"]
[WhiteElo "2255"]
[BlackElo "2085"]
[PlyCount "48"]
[EventDate "1998.08.??"]
[EventType "tourn"]
[EventRounds "14"]
[EventCountry "ARG"]
[SourceTitle "EXT 2002"]
[Source "ChessBase"]
[SourceDate "2001.11.25"]
[SourceVersion "1"]
[SourceVersionDate "2001.11.25"]
[SourceQuality "1"]

1. d4 f5 2. g3 Nf6 3. Bg2 g6 4. Nf3 Bg7 5. 0-0 0-0 6. c4 d6 7. Nc3 Nc6 8. d5 Na5 9. Qd3 c5 10. dxc6 Nxc6 11. e4 Nb4 12. Qe2 fxe4 13. Ng5 Bg4 14. f3 exf3 15. Bxf3 Qd7 16. Be3 h6 17. Nge4 Bxf3 18. Rxf3 Ng4 19. Rxf8+ Rxf8 20. Bxa7 Nc6 21. Bb6 Bd4+ 22. Bxd4 Nxd4 23. Qd3 Ne5 24. Qd1 Qh3 0-1

[Event "Villa del Parque ITT"]
[Site "Villa del Parque"]
[Date "1998.??.??"]
[Round "3"]
[White "Rojas Keim, Luis Alberto"]
[Black "Karpiak, Yuriy"]
[Result "1-0"]
[WhiteElo "2455"]
[BlackElo "2145"]
[PlyCount "35"]
[EventDate "1998.??.??"]
[EventType "tourn"]
[EventRounds "14"]
[EventCountry "ARG"]
[EventCategory "2"]
[SourceTitle "EXT 2001"]
[Source "ChessBase"]
[SourceDate "2000.11.22"]
[SourceVersion "1"]
[SourceVersionDate "2000.11.22"]
[SourceQuality "1"]

1. e4 d6 2. d4 Nf6 3. Nc3 g6 4. Be3 Bg7 5. Qd2 Ng4 6. Bg5 h6 7. Bh4 g5 8. Bg3 e5 9. dxe5 Nxe5 10. 0-0-0 Nbc6 11. h4 Bd7 12. Nd5 Be6 13. Nf3 g4 14. Nxe5 Nxe5 15. h5 Nd7 16. Bh4 Nf6 17. Qa5 0-0 18. e5 1-0